00286nam a2200109Ia 4500020001800000082001800018100002100036245005300057260004000110300001400150650001200164 a9788178312774 a330.957 KHA-E aKhanna, Jatinder 0aEnvisioning Siberia: awakening the sleeping land aNew DelhibManak Publicationsc2012 axxxv, 341 aSIBERIA